[Event "Bayern-ch Seniors 25th"]
[Site "Bergen"]
[Date "2013.06.22"]
[Round "9.22"]
[White "Malik, Heinz"]
[Black "Worschech, Roland"]
[Result "0-1"]
[WhiteElo "1645"]
[BlackElo "1732"]
[PlyCount "104"]
[EventDate "2013.06.15"]
[EventType "swiss"]
[EventRounds "9"]
[EventCountry "GER"]
[SourceTitle "EXT 2022"]
[Source "ChessBase"]
[SourceDate "2021.10.06"]
[SourceVersion "1"]
[SourceVersionDate "2021.10.06"]
[SourceQuality "1"]

1. d4 g6 2. c4 Bg7 3. Nc3 d6 4. e4 Nd7 5. f3 e5 6. Be3 Ne7 7. Nge2 0-0 8. Qd2 Nb6 9. Ng3 Nc6 10. d5 Ne7 11. Bd3 f5 12. exf5 Nxf5 13. Nxf5 gxf5 14. 0-0 Nd7 15. Bh6 Nc5 16. Bxg7 Kxg7 17. Bc2 a6 18. b4 Nd7 19. Rae1 Qh4 20. f4 e4 21. Re3 Qf6 22. Rg3+ Kf7 23. Ne2 Rg8 24. Rxg8 Kxg8 25. Nd4 Nf8 26. Qe3 Bd7 27. Bd1 Kf7 28. c5 c6 29. dxc6 dxc5 30. Bb3+ Ke7 31. bxc5 Bxc6 32. Nxc6+ Qxc6 33. Rd1 Rd8 34. Rxd8 Kxd8 35. Qd4+ Kc8 36. Kf2 Nd7 37. Ba4 Qe6 38. Ke3 Qe7 39. Bxd7+ Qxd7 40. Qc4 Kc7 41. h3 h5 42. Qc3 Qf7 43. a4 Kc6 44. g4 hxg4 45. hxg4 fxg4 46. Kxe4 Qd5+ 47. Ke3 Qf3+ 48. Kd2 Qxc3+ 49. Kxc3 Kxc5 50. f5 Kd5 51. f6 Ke6 52. f7 Kxf7 0-1

[Event "Bayern-ch Seniors 25th"]
[Site "Bergen"]
[Date "2013.06.18"]
[Round "4.10"]
[White "Worschech, Roland"]
[Black "Willin, Bernhard"]
[Result "0-1"]
[WhiteElo "1732"]
[BlackElo "1909"]
[PlyCount "64"]
[EventDate "2013.06.15"]
[EventType "swiss"]
[EventRounds "9"]
[EventCountry "GER"]
[SourceTitle "EXT 2022"]
[Source "ChessBase"]
[SourceDate "2021.10.06"]
[SourceVersion "1"]
[SourceVersionDate "2021.10.06"]
[SourceQuality "1"]

1. d4 Nf6 2. c4 e6 3. Nf3 b6 4. Nc3 Bb7 5. e3 d5 6. b3 Be7 7. Bb2 0-0 8. Be2 Nbd7 9. 0-0 Rc8 10. Rc1 dxc4 11. Bxc4 c5 12. Qe2 Qc7 13. h3 Rfd8 14. Bd3 Qb8 15. Bb1 Qa8 16. Rfd1 Bf8 17. Ne1 g6 18. f3 Bg7 19. Nc2 Qb8 20. e4 Nh5 21. Qf2 Bh6 22. Ne3 Bf4 23. Ne2 Bh2+ 24. Kh1 Ng3+ 25. Nxg3 Bxg3 26. Qe2 cxd4 27. Rxc8 Rxc8 28. Bxd4 Rd8 29. Ng4 Bh4 30. Qb2 h5 31. Ne3 Nc5 32. Be5 Rxd1+ 0-1

[Event "Bayern-ch Seniors 25th"]
[Site "Bergen"]
[Date "2013.06.15"]
[Round "1.37"]
[White "Rudek, Gerald"]
[Black "Worschech, Roland"]
[Result "1/2-1/2"]
[WhiteElo "1435"]
[BlackElo "1732"]
[PlyCount "72"]
[EventDate "2013.06.15"]
[EventType "swiss"]
[EventRounds "9"]
[EventCountry "GER"]
[SourceTitle "EXT 2022"]
[Source "ChessBase"]
[SourceDate "2021.10.06"]
[SourceVersion "1"]
[SourceVersionDate "2021.10.06"]
[SourceQuality "1"]

1. e4 c5 2. Nf3 d6 3. d4 cxd4 4. Nxd4 Nf6 5. Nc3 g6 6. Bg5 Bg7 7. Bb5+ Bd7 8. 0-0 0-0 9. Qd2 Bxb5 10. Ndxb5 a6 11. Nd4 Nc6 12. Nde2 Rc8 13. Bh6 Re8 14. Bxg7 Kxg7 15. Kh1 b5 16. f3 Qb6 17. a3 Rc7 18. Rfd1 Rd8 19. Rac1 Ne5 20. b3 Qf2 21. Nd5 Nxd5 22. exd5 Qc5 23. Qd4 Kf8 24. f4 Qxd4 25. Nxd4 Ng4 26. Kg1 Ne3 27. Rd2 Nxd5 28. Nxb5 Rc5 29. Nd4 Nxf4 30. g3 Ne6 31. Nxe6+ fxe6 32. Re2 Kf7 33. c4 d5 34. Rf1+ Ke8 35. Rxe6 dxc4 36. bxc4 Rdc8 1/2-1/2

[Event "GER-ch Seniors 22nd"]
[Site "Berlin"]
[Date "2010.08.23"]
[Round "8"]
[White "Fritsch, Juergen"]
[Black "Worschech, Roland"]
[Result "1-0"]
[WhiteElo "1774"]
[BlackElo "1644"]
[PlyCount "92"]
[EventDate "2010.08.16"]
[EventType "swiss"]
[EventRounds "9"]
[EventCountry "GER"]
[SourceTitle "CBM 138 Extra"]
[Source "ChessBase"]
[SourceDate "2010.10.29"]
[SourceVersion "1"]
[SourceVersionDate "2010.10.29"]
[SourceQuality "1"]

1. d4 g6 2. Nf3 Bg7 3. c3 d6 4. Bf4 Nd7 5. e3 Ngf6 6. Bc4 Nb6 7. Bb3 Nh5 8. 0-0 Nxf4 9. exf4 0-0 10. Nbd2 Bh6 11. g3 Bg4 12. Qe2 Qd7 13. Rfe1 Rae8 14. Ne4 Kg7 15. Qd3 Bf5 16. Qd2 Qc6 17. d5 Qd7 18. Neg5 Bxg5 19. Nxg5 h6 20. Qd4+ Kg8 21. Nf3 c6 22. dxc6 bxc6 23. Nh4 Kh7 24. Qd2 Bh3 25. Re3 d5 26. Rae1 e6 27. Qe2 h5 28. Nf3 Bg4 29. Ng5+ Kh6 30. Qd2 Bf5 31. Nf3 Re7 32. Qd4 f6 33. Qc5 Rfe8 34. Nd4 Rc8 35. a4 Qe8 36. Nxf5+ gxf5 37. Bc2 Rcc7 38. b3 Kg6 39. h3 e5 40. fxe5 fxe5 41. Rxe5 Rxe5 42. Qd6+ Qe6 43. Qxe5 Qxe5 44. Rxe5 Rf7 45. g4 hxg4 46. hxg4 Nd7 1-0

[Event "GER-ch Seniors 22nd"]
[Site "Berlin"]
[Date "2010.08.18"]
[Round "3"]
[White "Worschech, Roland"]
[Black "Bauder, Herbert"]
[Result "1/2-1/2"]
[WhiteElo "1644"]
[BlackElo "1865"]
[PlyCount "69"]
[EventDate "2010.08.16"]
[EventType "swiss"]
[EventRounds "9"]
[EventCountry "GER"]
[SourceTitle "CBM 138 Extra"]
[Source "ChessBase"]
[SourceDate "2010.10.29"]
[SourceVersion "1"]
[SourceVersionDate "2010.10.29"]
[SourceQuality "1"]

1. d4 Nf6 2. c4 g6 3. Nc3 Bg7 4. e4 d6 5. Be2 0-0 6. Nf3 e5 7. Bg5 exd4 8. Nxd4 c6 9. 0-0 Qb6 10. Nb3 Qc7 11. Qd2 Re8 12. Bf3 Be6 13. Qe2 Nbd7 14. Nd4 Ne5 15. Nxe6 Rxe6 16. Bf4 Rae8 17. Rad1 h6 18. Rfe1 g5 19. Bxe5 Rxe5 20. Qe3 d5 21. cxd5 cxd5 22. g3 Qe7 23. Bg2 dxe4 24. Qd4 b6 25. Rd2 e3 26. fxe3 Rxe3 27. Rxe3 Qxe3+ 28. Qxe3 Rxe3 29. Nd5 Nxd5 30. Bxd5 Kf8 31. a4 Re1+ 32. Kf2 Rb1 33. b3 Bc3 34. Re2 Bd4+ 35. Kg2 1/2-1/2

[Event "Bayern-ch Seniors 21st"]
[Site "Bergen"]
[Date "2009.06.27"]
[Round "8"]
[White "Hegner, Peter"]
[Black "Worschech, Roland"]
[Result "1-0"]
[WhiteElo "1584"]
[BlackElo "1689"]
[PlyCount "79"]
[EventDate "2009.06.20"]
[EventType "swiss"]
[EventRounds "9"]
[EventCountry "GER"]
[SourceTitle "EXT 2015"]
[Source "ChessBase"]
[SourceDate "2014.11.20"]
[SourceVersion "1"]
[SourceVersionDate "2014.11.20"]
[SourceQuality "1"]

1. e4 c5 2. Nc3 d6 3. f4 Nc6 4. Nf3 Nd4 5. Nxd4 cxd4 6. Bb5+ Bd7 7. Bxd7+ Qxd7 8. Ne2 e5 9. d3 Ne7 10. 0-0 Nc6 11. a3 Be7 12. Ng3 0-0-0 13. b4 Rdf8 14. b5 Nd8 15. a4 Ne6 16. f5 Nc5 17. Bd2 Kb8 18. Qb1 Rc8 19. Qa2 Bd8 20. a5 d5 21. a6 dxe4 22. axb7 Qxb7 23. dxe4 Bb6 24. Ba5 Rc7 25. Bxb6 Qxb6 26. Kh1 Rd8 27. Rf3 Rdd7 28. Rd1 Ka8 29. c3 dxc3 30. Rxd7 Rxd7 31. Qc4 Rd4 32. Qxc3 Qxb5 33. h3 Qb4 34. Kh2 Kb8 35. Qc2 a5 36. Rc3 Nd7 37. Rc8+ Ka7 38. Qc7+ Ka6 39. Qc6+ Nb6 40. Ra8# 1-0

[Event "Bayern-ch Seniors 21st"]
[Site "Bergen"]
[Date "2009.06.21"]
[Round "2"]
[White "Worschech, Roland"]
[Black "Lutz, Albert"]
[Result "0-1"]
[WhiteElo "1689"]
[BlackElo "2058"]
[PlyCount "74"]
[EventDate "2009.06.20"]
[EventType "swiss"]
[EventRounds "9"]
[EventCountry "GER"]
[SourceTitle "EXT 2015"]
[Source "ChessBase"]
[SourceDate "2014.11.20"]
[SourceVersion "1"]
[SourceVersionDate "2014.11.20"]
[SourceQuality "1"]

1. d4 d5 2. Nf3 Nf6 3. c4 c6 4. e3 Bf5 5. Nc3 e6 6. Be2 h6 7. 0-0 Nbd7 8. Bd2 Bd6 9. h3 0-0 10. Be1 Re8 11. Nh4 Bh7 12. f4 dxc4 13. Bxc4 Nd5 14. Qe2 N7f6 15. Nf3 Ne4 16. Nxe4 Bxe4 17. a3 c5 18. Bd3 Bxd3 19. Qxd3 Rc8 20. Bd2 c4 21. Qe2 b5 22. Ne5 f6 23. Ng4 f5 24. Ne5 Nf6 25. Rfc1 Ne4 26. Be1 Bxe5 27. fxe5 Qd5 28. Qd1 Re7 29. Kh2 a6 30. g3 Kh7 31. Rc2 Ng5 32. Rd2 Ra7 33. h4 Ne4 34. Rc2 g5 35. Rac1 Rg7 36. Rg2 gxh4 37. gxh4 Rxg2+ 0-1

[Event "GER-ch Seniors-A 20th"]
[Site "Erfurt"]
[Date "2008.08.11"]
[Round "7"]
[White "Juergens, Peter1111"]
[Black "Worschech, Roland"]
[Result "1-0"]
[WhiteElo "1886"]
[BlackElo "1728"]
[PlyCount "121"]
[EventDate "2008.08.05"]
[EventType "swiss"]
[EventRounds "9"]
[EventCountry "GER"]
[SourceTitle "CBM 126 Extra"]
[Source "ChessBase"]
[SourceDate "2008.11.05"]
[SourceVersion "1"]
[SourceVersionDate "2008.11.05"]
[SourceQuality "1"]

1. d4 g6 2. Bf4 d5 3. e3 Bg7 4. Nf3 Nf6 5. Be2 Nc6 6. h3 e6 7. 0-0 0-0 8. Nbd2 a6 9. a4 Re8 10. c3 Nd7 11. Qb3 Na5 12. Qc2 b6 13. b4 Nc6 14. Qb3 Bb7 15. Rad1 Nf6 16. Ne5 Nxe5 17. Bxe5 Nd7 18. Bg3 Nf6 19. Bf3 Rc8 20. b5 axb5 21. axb5 Ra8 22. Ra1 Qd7 23. Be2 Bf8 24. Qb2 Kg7 25. Rxa8 Rxa8 26. Ra1 Qc8 27. Rxa8 Qxa8 28. Bxc7 Qa7 29. Be5 Be7 30. Bd3 Kf8 31. c4 Nd7 32. Bg3 Qa5 33. cxd5 Bxd5 34. e4 Bb7 35. d5 Bf6 36. e5 Be7 37. d6 Bd8 38. Kh2 Nc5 39. Qc2 Qb4 40. Nf3 Bc8 41. Be2 Bd7 42. Qc4 Qxc4 43. Bxc4 Ne4 44. Nd4 Nc3 45. f4 Ke8 46. Be1 Na4 47. g4 Bc8 48. Kg3 Bb7 49. f5 exf5 50. gxf5 gxf5 51. Nxf5 Nc5 52. h4 Be4 53. Kf4 Bd3 54. Bd5 Bxb5 55. Bf3 Bd3 56. Nd4 Nd7 57. Bc6 Bc4 58. Ke4 Be6 59. Nxe6 fxe6 60. Kf4 b5 61. Bxb5 1-0

[Event "Bayern-ch Seniors 19th"]
[Site "Schloss Schney"]
[Date "2007.06.15"]
[Round "4"]
[White "Worschech, Roland"]
[Black "Rosmann, Armin"]
[Result "1-0"]
[WhiteElo "1794"]
[BlackElo "1514"]
[PlyCount "93"]
[EventDate "2007.06.12"]
[EventType "swiss"]
[EventRounds "9"]
[EventCountry "GER"]
[SourceTitle "EXT 2008"]
[Source "ChessBase"]
[SourceDate "2007.11.25"]
[SourceVersion "1"]
[SourceVersionDate "2007.11.25"]
[SourceQuality "1"]

1. e4 d6 2. f4 Nc6 3. d4 e5 4. d5 Nb8 5. Nf3 Bg4 6. Be2 Bxf3 7. Bxf3 Qh4+ 8. g3 Qd8 9. Be3 Nf6 10. Nd2 c5 11. 0-0 h5 12. h3 Qd7 13. Kg2 Na6 14. Be2 Nc7 15. c4 a6 16. a4 Qe7 17. Qc2 Nd7 18. Nf3 f6 19. Nh4 Qf7 20. f5 Be7 21. a5 Bd8 22. Ng6 Rh7 23. Qd1 Be7 24. Bxh5 0-0-0 25. h4 Kb8 26. Nxe7 Rxh5 27. Ng6 Rh7 28. h5 Rc8 29. Rh1 Ka7 30. Qg4 Rg8 31. Qe2 Rc8 32. g4 Na8 33. Rhb1 Kb8 34. b3 Rc7 35. Ra2 Rc8 36. Rab2 Rc7 37. Qc2 Kc8 38. b4 cxb4 39. Rxb4 Nc5 40. Bxc5 dxc5 41. R4b3 Qe8 42. Rd3 Rf7 43. Qb3 Qd7 44. Kf3 Qe8 45. d6 Qc6 46. Rd5 Kd8 47. Qa3 1-0

[Event "Bayern-ch Seniors 19th"]
[Site "Schloss Schney"]
[Date "2007.06.13"]
[Round "2"]
[White "Lueders, Guenter"]
[Black "Worschech, Roland"]
[Result "0-1"]
[WhiteElo "1667"]
[BlackElo "1794"]
[PlyCount "79"]
[EventDate "2007.06.12"]
[EventType "swiss"]
[EventRounds "9"]
[EventCountry "GER"]
[SourceTitle "EXT 2008"]
[Source "ChessBase"]
[SourceDate "2007.11.25"]
[SourceVersion "1"]
[SourceVersionDate "2007.11.25"]
[SourceQuality "1"]

1. d4 Nf6 2. Nf3 g6 3. Bf4 Bg7 4. h3 d6 5. e3 0-0 6. Be2 Nbd7 7. 0-0 b6 8. Nbd2 Bb7 9. Rc1 c5 10. c3 Rc8 11. Qa4 a6 12. Qd1 b5 13. Bh2 c4 14. Ne1 Qb6 15. Bf3 d5 16. a3 Rfe8 17. Be2 a5 18. Nef3 e6 19. Ne5 Bf8 20. Nxd7 Nxd7 21. Nf3 f6 22. Qc2 Bd6 23. Bxd6 Qxd6 24. Rcd1 Bc6 25. Nh4 Kf7 26. f4 Rb8 27. Rf3 Rb7 28. Rdf1 f5 29. Rg3 Nf6 30. Rgf3 Ne4 31. g4 Qe7 32. Ng2 b4 33. axb4 axb4 34. cxb4 Qxb4 35. Rd1 Ba4 36. Qb1 Nd2 37. Rxd2 Qxd2 38. Bf1 Rxb2 39. Qa1 Ra2 40. Qe1 0-1

[Event "Bayern-ch Seniors 17th"]
[Site "Schloss Schney"]
[Date "2005.06.18"]
[Round "9"]
[White "Worschech, Roland"]
[Black "Thieme, Hans"]
[Result "0-1"]
[WhiteElo "1784"]
[BlackElo "1947"]
[PlyCount "60"]
[EventDate "2005.06.10"]
[EventType "swiss"]
[EventRounds "9"]
[EventCountry "GER"]
[SourceTitle "EXT 2006"]
[Source "ChessBase"]
[SourceDate "2005.11.24"]
[SourceVersion "1"]
[SourceVersionDate "2005.11.24"]
[SourceQuality "1"]

1. g3 Nf6 2. Bg2 d5 3. d3 e6 4. Nd2 c5 5. e4 Nc6 6. Ne2 Be7 7. 0-0 0-0 8. f4 Qc7 9. e5 Nd7 10. Nf3 b6 11. c3 Ba6 12. a3 Rfc8 13. Be3 Bb7 14. Rf2 a5 15. Qd2 b5 16. Raf1 b4 17. Bh3 Qb6 18. axb4 axb4 19. d4 bxc3 20. bxc3 cxd4 21. cxd4 Ra3 22. f5 Bb4 23. Qc1 Nd8 24. Qxa3 Bxa3 25. Ng5 Nf8 26. Nf4 h6 27. fxe6 fxe6 28. Ngxe6 Nfxe6 29. Ng6 Ba6 30. Ne7+ Bxe7 0-1

[Event "Bayern-ch Seniors 17th"]
[Site "Schloss Schney"]
[Date "2005.06.12"]
[Round "3"]
[White "Worschech, Roland"]
[Black "Schoen, Siegfried"]
[Result "1-0"]
[WhiteElo "1784"]
[BlackElo "1590"]
[PlyCount "77"]
[EventDate "2005.06.10"]
[EventType "swiss"]
[EventRounds "9"]
[EventCountry "GER"]
[SourceTitle "EXT 2006"]
[Source "ChessBase"]
[SourceDate "2005.11.24"]
[SourceVersion "1"]
[SourceVersionDate "2005.11.24"]
[SourceQuality "1"]

1. e4 d6 2. d4 Nf6 3. Nd2 e5 4. d5 Be7 5. Bb5+ Bd7 6. Bxd7+ Qxd7 7. Ne2 c6 8. c4 cxd5 9. cxd5 Na6 10. 0-0 0-0 11. Nc3 Nc5 12. Qe2 Na4 13. Nxa4 Qxa4 14. b3 Qd7 15. Bb2 Rac8 16. Rac1 Rxc1 17. Rxc1 Rc8 18. Qd1 Rxc1 19. Qxc1 Ne8 20. Nc4 Qc7 21. Qc3 h5 22. Kf1 b6 23. f4 b5 24. Na5 exf4 25. Qxc7 Nxc7 26. Nc6 Bf8 27. Nxa7 b4 28. Ke2 f5 29. Kf3 g5 30. Nc6 Na6 31. exf5 Bh6 32. h3 Bg7 33. f6 Bf8 34. Bd4 Kf7 35. Ke4 Nc5+ 36. Kf5 Bh6 37. Bxc5 dxc5 38. d6 Ke8 39. Ke6 1-0

[Event "GER-chA Seniors 16th"]
[Site "Templin"]
[Date "2004.09.12"]
[Round "9"]
[White "Mann, Klaus Dieter"]
[Black "Worschech, Roland"]
[Result "0-1"]
[WhiteElo "1911"]
[BlackElo "1786"]
[PlyCount "94"]
[EventDate "2004.09.04"]
[EventType "swiss"]
[EventRounds "9"]
[EventCountry "GER"]
[SourceTitle "EXT 2005"]
[Source "ChessBase"]
[SourceDate "2004.11.15"]
[SourceVersion "1"]
[SourceVersionDate "2004.11.15"]
[SourceQuality "1"]

1. e4 c5 2. Nf3 Nc6 3. Bb5 e6 4. Bxc6 bxc6 5. d3 d5 6. Nc3 Ne7 7. Qe2 Ng6 8. 0-0 Be7 9. Bd2 0-0 10. Rae1 d4 11. Na4 e5 12. h3 Be6 13. b3 h6 14. Rd1 Qd7 15. Kh2 Bd6 16. Ng1 f5 17. f3 f4 18. Be1 Qe7 19. Bf2 Nh4 20. Qe1 g5 21. Qe2 Ng6 22. Be1 Kf7 23. Bd2 h5 24. g3 fxg3+ 25. Kxg3 Rg8 26. Kh2 Rg7 27. Rf2 Rag8 28. Qf1 Ke8 29. Rg2 Nf4 30. Bxf4 gxf4 31. Rdd2 h4 32. Rxg7 Rxg7 33. Rg2 Rg3 34. Qe1 Bc7 35. Nb2 Qg5 36. Rxg3 fxg3+ 37. Kg2 Kd7 38. Nc4 Bxc4 39. dxc4 Kc8 40. a3 a5 41. Kf1 g2+ 42. Ke2 Bd8 43. Qd2 Qxd2+ 44. Kxd2 Bg5+ 45. Ke1 Be3 46. Ne2 g1Q+ 47. Nxg1 Bxg1 0-1

[Event "Bayern-ch Seniors 16th"]
[Site "Schloss Schney"]
[Date "2004.06.07"]
[Round "2"]
[White "Wimmer, Herbert"]
[Black "Worschech, Roland"]
[Result "1-0"]
[WhiteElo "2169"]
[BlackElo "1764"]
[PlyCount "99"]
[EventDate "2004.06.06"]
[EventType "swiss"]
[EventRounds "9"]
[EventCountry "GER"]
[SourceTitle "EXT 2006"]
[Source "ChessBase"]
[SourceDate "2005.11.24"]
[SourceVersion "1"]
[SourceVersionDate "2005.11.24"]
[SourceQuality "1"]

1. Nf3 d5 2. d4 Nf6 3. c4 e6 4. Nc3 c6 5. Bg5 Be7 6. e3 Nbd7 7. Qc2 h6 8. Bh4 0-0 9. cxd5 Nxd5 10. Bg3 N7f6 11. Be2 b6 12. Nxd5 Nxd5 13. Qxc6 Bd7 14. Qc1 Nb4 15. 0-0 Bc8 16. a3 Nd5 17. Ne5 Bb7 18. Nc6 Qd7 19. Ne5 Qa4 20. Qd2 Rfc8 21. Rfc1 Qe8 22. Bd3 a6 23. e4 Nf6 24. f3 Nd7 25. Nc4 Qd8 26. Nd6 Rxc1+ 27. Rxc1 Bxd6 28. Bxd6 Rc8 29. Rxc8 Qxc8 30. Qc3 Qxc3 31. bxc3 b5 32. c4 bxc4 33. Bxc4 Nf6 34. Kf1 Ne8 35. Bb8 Kf8 36. Ke2 Ke7 37. Kd3 Nd6 38. Bb3 Kd7 39. a4 Bc6 40. d5 exd5 41. exd5 Bb7 42. g4 Bc8 43. Kd4 Bb7 44. Kc5 Nc8 45. Bc4 f6 46. f4 Kd8 47. f5 Kd7 48. d6 Kd8 49. Be6 Bf3 50. Bc7+ 1-0

[Event "Regionalliga NW 0304"]
[Site "Bayern"]
[Date "2003.12.14"]
[Round "4.8"]
[White "Worschech, Roland"]
[Black "Jung, Oliver"]
[Result "1/2-1/2"]
[WhiteElo "1789"]
[BlackElo "1819"]
[PlyCount "85"]
[EventDate "2003.10.12"]
[EventType "team-tourn"]
[EventRounds "9"]
[EventCountry "GER"]
[SourceTitle "EXT 2006"]
[Source "ChessBase"]
[SourceDate "2005.11.24"]
[SourceVersion "1"]
[SourceVersionDate "2005.11.24"]
[SourceQuality "1"]
[WhiteTeam "Kulmbach"]
[BlackTeam "Wuerzburg II"]
[WhiteTeamCountry "GER"]
[BlackTeamCountry "GER"]

1. d4 d6 2. e4 g6 3. c4 c6 4. Nf3 Bg7 5. Nc3 Bg4 6. Be2 Nf6 7. Be3 0-0 8. Qd2 Bxf3 9. Bxf3 e5 10. Rd1 Qe7 11. 0-0 Nbd7 12. d5 c5 13. a3 Kh8 14. Bg5 Qe8 15. g3 Ng8 16. Bg2 a6 17. Bh3 f5 18. Be3 Qe7 19. f3 Rf7 20. Qg2 f4 21. Bc1 Nf8 22. Rf2 g5 23. Bf5 Qf6 24. b4 cxb4 25. axb4 Rc7 26. Qf1 Nh6 27. g4 Ng6 28. Rc2 Nxf5 29. exf5 Nh4 30. Ne4 Qh6 31. Ba3 Bf8 32. c5 Rd8 33. Kf2 Nxf5 34. gxf5 Qxh2+ 35. Qg2 Qh4+ 36. Ke2 g4 37. fxg4 Rg7 38. g5 Qh5+ 39. Kd2 f3 40. Qf2 Qg4 41. Rc3 Qxe4 42. Re3 Qxf5 43. Rxf3 1/2-1/2

[Event "Bayern-ch Seniors 15th"]
[Site "Schloss Schney"]
[Date "2003.06.21"]
[Round "9.18"]
[White "Scheuerlein, Gerhard"]
[Black "Worschech, Roland"]
[Result "0-1"]
[WhiteElo "1645"]
[BlackElo "1787"]
[PlyCount "64"]
[EventDate "2003.06.13"]
[EventType "swiss"]
[EventRounds "9"]
[EventCountry "GER"]
[SourceTitle "EXT 2004"]
[Source "ChessBase"]
[SourceDate "2003.11.25"]
[SourceVersion "1"]
[SourceVersionDate "2003.11.25"]
[SourceQuality "1"]

1. Nf3 g6 2. c4 c5 3. Nc3 Bg7 4. Rb1 Nc6 5. g3 e6 6. Bg2 Nge7 7. 0-0 0-0 8. d3 d5 9. Bd2 d4 10. Ne4 b6 11. Qc1 Bb7 12. Bh6 Nf5 13. Bxg7 Kxg7 14. Qf4 f6 15. g4 e5 16. Qd2 Nd6 17. g5 Nxe4 18. dxe4 fxg5 19. Nxg5 Qe7 20. f4 Rxf4 21. Rxf4 exf4 22. Qxf4 Rf8 23. Qxf8+ Kxf8 24. Rf1+ Ke8 25. h4 Ne5 26. Bh3 Qd6 27. Nxh7 Nxc4 28. Rf6 Qg3+ 29. Bg2 Bc8 30. Rf3 Qxh4 31. Nf6+ Kd8 32. Nd5 Ne5 0-1

[Event "Bayern-ch Seniors 15th"]
[Site "Schloss Schney"]
[Date "2003.06.20"]
[Round "8.10"]
[White "Worschech, Roland"]
[Black "Wimmer, Herbert"]
[Result "0-1"]
[WhiteElo "1787"]
[BlackElo "2151"]
[PlyCount "36"]
[EventDate "2003.06.13"]
[EventType "swiss"]
[EventRounds "9"]
[EventCountry "GER"]
[SourceTitle "EXT 2004"]
[Source "ChessBase"]
[SourceDate "2003.11.25"]
[SourceVersion "1"]
[SourceVersionDate "2003.11.25"]
[SourceQuality "1"]

1. d4 g6 2. e4 Bg7 3. f4 d5 4. exd5 Qxd5 5. Be3 Nf6 6. h3 Qe6 7. Qf3 Nd5 8. Kd2 Nxe3 9. Qxe3 Qb6 10. Nf3 Nc6 11. Nc3 Nxd4 12. Ne5 Be6 13. Bd3 0-0-0 14. Rhb1 f6 15. Ng4 Qc6 16. Qf2 Bc4 17. a4 Nxc2 18. Kc1 Bxd3 0-1

[Event "Bayern-ch Seniors 15th"]
[Site "Schloss Schney"]
[Date "2003.06.19"]
[Round "7.16"]
[White "Worschech, Roland"]
[Black "Wilfert, Eva Maria"]
[Result "1-0"]
[WhiteElo "1787"]
[BlackElo "1634"]
[PlyCount "99"]
[EventDate "2003.06.13"]
[EventType "swiss"]
[EventRounds "9"]
[EventCountry "GER"]
[SourceTitle "EXT 2004"]
[Source "ChessBase"]
[SourceDate "2003.11.25"]
[SourceVersion "1"]
[SourceVersionDate "2003.11.25"]
[SourceQuality "1"]

1. e4 d5 2. exd5 Qxd5 3. Nc3 Qa5 4. d4 c6 5. Bd3 Nf6 6. h3 e6 7. Nf3 Be7 8. 0-0 0-0 9. Re1 Nbd7 10. Bf4 Qd8 11. Qd2 c5 12. Nb5 a6 13. Bc7 Qe8 14. Nd6 Bxd6 15. Bxd6 cxd4 16. Nxd4 Qd8 17. Bxf8 Qxf8 18. c3 b5 19. Rad1 Bb7 20. Bb1 Rc8 21. f4 Qc5 22. Qf2 Qc7 23. Rd2 Nc5 24. Qh4 Be4 25. Bxe4 Ncxe4 26. Rde2 Nd6 27. Re5 Nc4 28. R5e2 Nd5 29. g3 Nd6 30. Qg4 Nf6 31. Qf3 Qb6 32. Kh2 Nc4 33. b3 Nd6 34. f5 exf5 35. Nxf5 Nxf5 36. Qxf5 Rf8 37. Qf2 Qc7 38. Qd4 h6 39. Re7 Qa5 40. a4 bxa4 41. bxa4 Rd8 42. Qb4 Qd5 43. Qb7 Qa2+ 44. R1e2 Qc4 45. Qc7 Qd5 46. c4 Qd1 47. c5 Rd3 48. Qc8+ Kh7 49. Qf5+ Kg8 50. Re8+ 1-0

[Event "Bayern-ch Seniors 15th"]
[Site "Schloss Schney"]
[Date "2003.06.16"]
[Round "4.8"]
[White "Worschech, Roland"]
[Black "Kraft, Hans"]
[Result "0-1"]
[WhiteElo "1787"]
[BlackElo "2121"]
[PlyCount "56"]
[EventDate "2003.06.13"]
[EventType "swiss"]
[EventRounds "9"]
[EventCountry "GER"]
[SourceTitle "EXT 2004"]
[Source "ChessBase"]
[SourceDate "2003.11.25"]
[SourceVersion "1"]
[SourceVersionDate "2003.11.25"]
[SourceQuality "1"]

1. d4 Nf6 2. c4 g6 3. Nc3 Bg7 4. e4 d6 5. Be2 0-0 6. Be3 c5 7. Qd2 cxd4 8. Bxd4 Nc6 9. Nf3 Bg4 10. Bxf6 Bxf6 11. h3 Bxf3 12. gxf3 Qa5 13. Nd5 Qxd2+ 14. Kxd2 Bxb2 15. Rab1 Bd4 16. Rxb7 e6 17. Ne7+ Nxe7 18. Rxe7 Rab8 19. Kd3 Bxf2 20. Rc7 Rb2 21. a4 Rfb8 22. Bd1 e5 23. Rh2 Ra2 24. Bc2 Ra3+ 25. Kd2 Be3+ 26. Ke1 Rb2 27. Re2 Bb6 28. Rc6 Ra1+ 0-1